| 000 | 00523nam a22001817a 4500 | ||
|---|---|---|---|
| 005 | 20250306155809.0 | ||
| 010 | _aENG-143976 | ||
| 020 | _c100.00 | ||
| 035 | _aEN-127508 | ||
| 037 | _bDBAD | ||
| 082 | _a881 | ||
| 100 |
_aRadium _979346 |
||
| 245 |
_aRiver the Song of Tomorrow/ _cby Radium |
||
| 260 |
_aHyderabad _bJ.V. Publications _c2018 |
||
| 270 |
_aFlat No.103, Jaya Apartments, 3-6-18, Himayatnagar, Hyderabad _bHyderabad _e500029 |
||
| 300 |
_a87p. _b21cm(pbk) |
||
| 942 |
_2ddc _cEN _mRAD _h881 |
||
| 999 |
_c210135 _d210135 |
||